000 00509nam a2200217 a 4500
001 nice12345678
003 IN_TiNIC
005 20260116011310.0
008 070405s0000 lona grp 000 0 eng
020 _a
_c50
082 0 0 _a201
_bAUG
100 _aAugustine, St
245 _aConfessions of St.Augustine
260 _aLondon
_bBlackie and Son
_c0000
300 _a314p
500 _aincludes index and biblioraphy
650 _aSaint Augustine
902 _bSRS
942 _cBK
999 _c283
_d283